|
|
|
|
| LEADER |
00752nam a2200157Ia 4500 |
| 001 |
TDMU_23714 |
| 008 |
210410s9999 xx 000 0 und d |
| 082 |
|
|
|a 666.86
|
| 100 |
|
|
|a Bùi, Hải Đăng Sơn
|
| 245 |
|
0 |
|a So sánh các đặc trưng hóa lý hai loại diatomite Phú Yên và diatomite merck
|
| 245 |
|
0 |
|c Bùi Hải Đăng Sơn, Nguyễn Thị Ngọc Trinh,Nguyễn Đăng Ngọc, Đinh Quang Khiếu
|
| 300 |
|
|
|a Tr.38-42
|
| 650 |
|
|
|a Vật liệu tổng hợp
|x Diatomite; Diatomite; Vật liệu; Đặc trưng
|
| 700 |
|
|
|a Nguyễn, Thị Ngọc Trinh
|
| 856 |
|
|
|u http://lrc.tdmu.edu.vn/opac/search/detail.asp?aID=2&ID=23714
|
| 980 |
|
|
|a Trung tâm Học liệu Trường Đại học Thủ Dầu Một
|